Artwork for Humanities Quiz #1 - Statistics

General Stats
  • This quiz has been taken 57 times
  • The average score is 3 of 6
Answer Stats
Picture Hint Answer % Correct
Artwork Name Laocoon and His Sons
83%
Artist Names Agesander/Polydorus/Athenodorus
75%
Date Range (XXX-XXX BCE/CE)) 200-100 BCE
50%
Artist Name (last name) Bernini
50%
Date (Precise) 1652
33%
Artwork Name The Ecstacy of St Teresa
17%
No matching quizzes found
Score Distribution
Percent of People with Each Score
Percentile by Number Answered
Your Score History
You have not taken this quiz